Adriatic coast - Statistics

General Stats
  • This quiz has been taken 23 times
  • The average score is 6 of 10
Answer Stats
Hint Answer % Correct
Ex country, now Italian city Venice
92%
Famous Croatian city from th TV show Dubrovnik
69%
Closest Italian city to the above Trieste
69%
Biggest Croatian peninsula Istria
62%
Only Bosnian coastal city Neum
62%
Diocletians palace Split
62%
Montenegrin coastal city known for its nightlife Budva
54%
Slovenian main coastal city Koper
54%
Main Italian port Ancona
46%
Sea Organ city Zadar
31%
No matching quizzes found
Score Distribution
Percent of People with Each Score
Percentile by Number Answered
Your Score History
You have not taken this quiz